Statistics for Sun Belt States

Click here to take the quiz!

General Stats

  • This quiz has been taken 37 times
  • The average score is 16 of 18

Answer Stats

Answer% Correct
California
100%
Arizona
97%
Florida
97%
New Mexico
94%
Texas
94%
Georgia
91%
Louisiana
91%
Nevada
91%
Oklahoma
91%
South Carolina
91%
Alabama
88%
Arkansas
88%
Mississippi
88%
Utah
88%
Colorado
85%
Kansas
85%
North Carolina
85%
Tennessee
76%

Score Distribution

Percentile by Number Answered

Percent of People with Each Score

Your Score History

You have not taken this quiz